Flagi państw podobne do stanów USA według ludności - Statystyki

Ogólne statystyki
  • Ten quiz został rozwiązany 190 razy
  • Średni wynik to 40 z 50
Odpowiedzi na mapie
Odpowiedzi zakodowano w zielono-czerwonej skali na mapie do tego quizu, zgodnie z poniższymi procentami.
 
Statystyki odpowiedzi
Mapa Stan Państwo % Poprawnych
NY Nowy Jork Rumunia
97%
NC Karolina Północna Czechy
96%
WI Wisconsin Dania
96%
MN Minnesota Finlandia
96%
SC Karolina Południowa Norwegia
96%
VA Wirginia Szwajcaria
96%
NV Nevada Bośnia i Hercegowina
93%
AL Alabama Irlandia
93%
ID Idaho Łotwa
93%
UT Utah Urugwaj
93%
MT Montana Cypr
92%
ME Maine Estonia
92%
KS Kansas Katar
92%
OK Oklahoma Gruzja
91%
CA Kalifornia Irak
91%
IN Indiana Liban
91%
MS Missisipi Jamajka
90%
NM Nowy Meksyk Macedonia Północna
90%
ND Dakota Północna Bhutan
88%
TN Tennessee Bułgaria
88%
AZ Arizona Laos
88%
VT Vermont Luksemburg
88%
KY Kentucky Panama
88%
CO Kolorado Singapur
87%
WV Wirginia Zachodnia Bahrajn
85%
IA Iowa Mongolia
85%
FL Floryda Sri Lanka
85%
AR Arkansas Armenia
83%
GA Gruzja Dominikana
83%
MO Missouri Salwador
79%
SD Dakota Południowa Fidżi
78%
TX Teksas Jemen
78%
NH New Hampshire Trynidad i Tobago
78%
OR Oregon Kuwejt
76%
LA Luizjana Mauretania
75%
NJ New Jersey Papua-Nowa Gwinea
75%
WY Wyoming Surinam
75%
MA Massachusetts Libia
74%
IL Illinois Rwanda
71%
WA Waszyngton Sierra Leone
69%
PA Pensylwania Gwinea
68%
MD Maryland Turkmenistan
68%
CT Connecticut Erytrea
65%
OH Ohio Boliwia
64%
DE Delaware Dżibuti
60%
RI Rhode Island Eswatini
58%
NE Nebraska Gwinea Bissau
58%
AK Alaska Wyspy Salomona
58%
HI Hawaje Gwinea Równikowa
40%
MI Michigan Honduras
35%
Nie znaleziono quizów pasujących do podanych kryteriów
Rozkład punktacji
Procent ludzi z każdym wynikiem
Percentyl według liczby udzielonych odpowiedzi
Twoja historia wyników
Nie rozwiązałeś tego quizu